000 01132cab a2200337 4500
001 ABS51576
008 090401t1994 xxu||||| |||| 00| 0 eng d
035 _a(Sirsi) u33878
041 _aeng
100 _aCodd, M.
245 _aWhat`s in a name (and address)?
260 _c1994
350 _a0
490 _aSolicitors` Journal
_v138(38) 7 October 1994, 1018-1019(2)
520 _aReviews recent caselaw to establish current application of Landlord and Tenant Act 1987 s48, which governs provision of a landlord`s address for the service of tenants` notices and the penalties of failure to comply.
650 _aADDRESS
650 _aDALLHOLD ESTATES (UK) PTY LTD V LINDSEY TRADING PROPERTIES
650 _aHUSSAIN V SINGH
650 _aIDENTITY
650 _aLANDLORD AND TENANT ACT 1987 S48
650 _aLANDLORD AND TENANT
_96252
650 _aLANDLORDS
650 _aORAL NOTICE
650 _aPOSSESSION
650 _aROGAN V WOODFIELD BUILDING SERVICES
650 _aSECTION 48 NOTICE
650 _aSERVING NOTICES
690 _aLandlord and tenant
_96252
942 _n0
948 _c04/03/1997
999 _c22532
_d22532